000 00286nam a2200109Ia 4500
008 200302s9999 xx 000 0 und d
100 _aA Dam Sheppard and other
245 _aStudy skills for town and country planning
260 _bSage Publication Ltd.,
260 _c2014
300 _a238
999 _c6904
_d6904